Barrios de Donostia - Estadísticas

Estadísticas generales
  • Esta prueba ha sido intentada 133 veces
  • La puntuación promedio es 11 de 21
Estadísticas de respuestas
Respuesta % Correcto
Antiguo
89%
Amara
88%
Gros
84%
Intxaurrondo
67%
Loiola
67%
Centro
65%
Parte Zaharra
60%
Altza
59%
Egia
58%
Aiete / Miramón
57%
Igeldo
56%
Martutene
48%
Añorga
46%
Ulia
40%
Ibaeta
38%
Bidebieta
37%
Riberas de Loiola
36%
Amara-Berri
33%
Zubieta
30%
Morlans
21%
Txomin-Enea
17%
No se encontraron pruebas coincidentes
Distribución de puntuación
Porcentaje de gente con cada puntuación
Porcentaje por número respondido
Historial de tus puntuaciones
No has intentado esta prueba.